Responses for Show #1838 - Wednesday, September 9, 1992

Contestants

[<< previous game]

Anne Ellis, a managing editor originally from Madison, New Jersey

Ginger Jensen, a financial planner originally from Scottsdale, Arizona

Matt Fels, an advertising executive from Fort Worth, Texas (whose 1-day cash winnings total $11,000)

[next game >>]

Jeopardy! Round responses

TRANSPORTATION
RECENT EVENTS
PLAYGROUND RHYMES
WORLD CITIES
FRUITS & VEGETABLES
THE LETTER G
    $100 1
helium

Matt
    $100 26
the rate of inflation

Matt
    $100 11
break your mother's back

Anne
    $100 16
Marseille

Anne
    $100 21
the grape

Ginger
    $100 4
a $1,000

Matt
    $200 2
the Alaska Pipeline

Anne
    $200 27
Pete Rose

Ginger
    $200 12
potato

Anne
    $200 17
Munich

Ginger
    $200 22
cabbage

Anne
    $200 5
a G-string

Matt
    $300 3
(Matt: What's the Trans-American Highway?)

the Pan-American Highway

Matt
Triple Stumper
    $300 28
David

Anne
    $300 13
Jane with a baby carriage

Anne
    $300 18
Toronto

Matt
    $300 23
the soybean

Matt
    $300 6
General Mills

Matt
    $400 9
the Baltic Sea

Matt
    $400 29
El Salvador

Matt
    $400 14
"Here We Go Round the Mulberry Bush"

Triple Stumper
    $400 19
Melbourne

Anne
    $400 24
the jalapeƱo

Matt
    $400 7
Harding

Matt
    $500 10
black

Anne
    $500 30
(Ginger: Who is Dow?)
(Alex: No. More specific.)
...
(Alex: There are many Dow companies out there, but [*] is the right response.)

Dow Corning

Ginger
    $500 15
One, two, button (buckle) my shoe

Ginger
    $500 20
(Alex: [*], Peru, you are right.)

Lima

Anne
    $800 25
the lingonberry

Matt
    $500 8
Kenny G

Matt

Scores at the first commercial break (after clue 13):

Matt Ginger Anne
$1,700 $0 $1,300

Scores at the end of the Jeopardy! Round:

Matt Ginger Anne
$4,000 $1,500 $2,800

Double Jeopardy! Round responses

BIOLOGY
HISTORY
INDIA
COLLEGES & UNIVERSITIES
EXPLORATION
LITERATURE
    $200 21
the brain

Anne
    $200 3
Martin Luther

Matt
    $200 23
a rupee

Anne
    $200 16
(Matt: What's New York?)

Rochester

MattGinger
    $200 11
Stanley

Matt
    $200 1
Uncle Tom's Cabin

Ginger
    $400 22
(Alex: We have less than a minute to go.)

the Fallopian tubes

Ginger
    $400 4
Pakistan

Matt
    $400 27
[The end-of-round signal sounds.]

Agra

Triple Stumper
    $400 17
Atlanta

Matt
    $400 12
(Prince) Henry

Matt
    $400 2
Beauty and the Beast

Matt
    $600 24
fermentation

Matt
    $600 5
Prussia

Anne
    $600 18
(Anne: What's the University of California at Los Angeles?)

USC (the University of Southern California)

Anne
Triple Stumper
    $600 13
Balboa

Anne
    $2,000 6
Great Expectations

Anne
    $800 25
their wings

Anne
    $800 9
the Edict of Nantes

Anne
    $800 19
Yale

Anne
    $800 14
Cabot

Matt
    $800 7
East of Eden

Anne
    $1000 26
flagella

Triple Stumper
    $2,000 10
the Easter Rebellion

Anne
    $1000 20
(Anne: What is Fillmore?)

Franklin Pierce

Anne
Triple Stumper
    $1000 15
(Sir Francis) Drake

Matt
    $1000 8
Evangeline

Matt

Scores at the end of the Double Jeopardy! Round:

Matt Ginger Anne
$9,200 $2,300 $10,000

[wagering suggestions for these scores]

Final Jeopardy! Round responses

FAMOUS WOMEN
(Alex: I believe Dale Evans is still alive...)
(Anne: I thought for one moment the question said Roy Rogers.)
GingerWho was Eleanor Roosevelt?
$2,200
MattWho was Jane Addams?
$9,200
AnneWho was Dale Evans
$8,401
Annie Oakley

Final scores:

Matt Ginger Anne
$0 $100 $1,599
3rd place: serigraph Paradise Found by Ken Auster from Marco Fine Arts Gallery + Nintendo Entertainment System with Super Jeopardy!, Wheel of Fortune featuring Vanna White, & InfoGenius for Game Boy 2nd place: trip on Delta to Nassau, Bahamas & stay at Paradise Island Resort & Casino New champion: $1,599

Game dynamics:

Coryat scores:

Matt Ginger Anne
$8,900 $2,300 $7,600
23 R
(including 1 DD),
2 W
8 R,
0 W
20 R
(including 2 DDs),
2 W

Combined Coryat: $18,800

[game clues] [game scores] [suggest correction]

Game tape date: 1992-07-20
The J! Archive is created by fans, for fans. Scraping, republication, monetization, and malicious use prohibited; this site may use cookies and collect identifying information. See terms. The Jeopardy! game show and all elements thereof, including but not limited to copyright and trademark thereto, are the property of Jeopardy Productions, Inc. and are protected under law. This website is not affiliated with, sponsored by, or operated by Jeopardy Productions, Inc. Join the discussion at JBoard.tv.